| 000 | 00681nam a2200217Ia 4500 | ||
|---|---|---|---|
| 003 | GCL | ||
| 008 | 140319s9999 xx 000 0 ara d | ||
| 040 |
_aGCL / _cGCL |
||
| 082 | 0 | 4 |
_a929.1 _bس ا |
| 100 | 1 | _aسمير عبدالرازق القطب | |
| 245 | 1 | 0 |
_aانساب العرب / _cسمير عبدالرازق القطب |
| 260 |
_a[S.N] : _bمنشورات دار مكتبة الحياه |
||
| 300 | _a318 ص | ||
| 490 | _a | ||
| 650 | 0 | 4 | _aاللغة العربية |
| 650 | 0 | 4 | _aالانساب العربية |
| 650 | 0 | 4 | _aالقبائل العربية |
| 650 | 0 | 4 | _aالانساب والاعراق |
| 650 | 0 | 4 | _aالاسماء العربية |
| 942 |
_2ddc _cBK |
||
| 999 |
_c55494 _d55494 |
||